[Event "Neckar op-B 7th"]
[Site "Deizisau"]
[Date "2003.04.17"]
[Round "1"]
[White "Dueber, Olaf"]
[Black "Rovic, Branislav"]
[Result "1-0"]
[WhiteElo "1996"]
[BlackElo "1681"]
[PlyCount "91"]
[EventDate "2003.04.18"]
[EventType "swiss"]
[EventRounds "6"]
[EventCountry "GER"]
[SourceTitle "CBM 093 Extra"]
[Source "ChessBase"]
[SourceDate "2003.05.09"]
[SourceVersion "1"]
[SourceVersionDate "2003.05.09"]
[SourceQuality "1"]

1. e4 e5 2. Bc4 d6 3. Nf3 Be7 4. d3 Nf6 5. c3 c6 6. Nbd2 0-0 7. Bb3 c5 8. h3 Nc6 9. Nf1 a6 10. g4 b5 11. Ng3 Be6 12. Bg5 Ne8 13. Be3 Nc7 14. d4 Bxb3 15. Qxb3 c4 16. Qd1 g6 17. d5 Nb8 18. Qd2 Nd7 19. h4 Nf6 20. Nh2 a5 21. h5 Na6 22. Ke2 Nc5 23. Bxc5 dxc5 24. Rag1 Ne8 25. Nf3 Qd6 26. Qh6 g5 27. Qxd6 Nxd6 28. Nxe5 Rfe8 29. f3 b4 30. Rb1 Nb5 31. cxb4 axb4 32. Nxc4 Rxa2 33. Nf5 Bf6 34. Kd3 Nd4 35. Nxd4 Bxd4 36. Rhf1 h6 37. f4 f6 38. fxg5 fxg5 39. Rf5 Rf8 40. Rxf8+ Kxf8 41. e5 Ke7 42. Ke4 Ra1 43. Rf1 Ra2 44. Kf5 b3 45. d6+ Ke8 46. Ke6 1-0